Topical Stamp Collecting: A universal Hobby for Seniors (ATA Handbook #148) (Record no. 3416)

000 -LEADER
fixed length control field 00290nam a22000977a 4500
008 - FIXED-LENGTH DATA ELEMENTS--GENERAL INFORMATION
fixed length control field 220613b ||||| |||| 00| 0 eng d
100 ## - MAIN ENTRY--AUTHOR'S NAME
Author's Name Groet, John
245 ## - TITLE STATEMENT
Title Topical Stamp Collecting: A universal Hobby for Seniors (ATA Handbook #148)
650 ## - TOPICAL TERM (Tag)
Topical term or geographic name topical collecting
700 ## - SECONDARY AUTHOR, EDITOR OR ILLUSTRATOR
Personal Name Cartier, Ray
Holdings
Withdrawn status Lost status Source of classification or shelving scheme Damaged status Koha normalized classification for sorting Not for loan Permanent Location Current Location Shelving location Date acquired Total Checkouts Full call number Barcode Date last seen Copy number Price effective from Total Renewals Date last checked out
        V3201 T674 G874   Northern Philatelic Library Northern Philatelic Library Vertical File 06/13/2022   V3201 T674 G874 1005880 06/13/2022 1 06/13/2022    
        V3201 T674 G874   Northern Philatelic Library Northern Philatelic Library Vertical File 06/13/2022 1 V3201 T674 G874 1005881 10/27/2022 2 06/13/2022 1 06/23/2022

Powered by Koha